[Event "Bundesliga 9900"]
[Site "Germany"]
[Date "2000.04.08"]
[Round "14.5"]
[White "Klebel, Martin"]
[Black "Brenninkmeijer, Joris"]
[Result "1-0"]
[WhiteElo "2403"]
[BlackElo "2499"]
[Annotator "Ftacnik,L"]
[PlyCount "107"]
[EventDate "1999.10.09"]
[EventType "team-tourn"]
[EventRounds "15"]
[EventCountry "GER"]
[SourceTitle "CBM 076"]
[Source "ChessBase"]
[SourceDate "2000.05.31"]
[SourceVersion "1"]
[SourceVersionDate "2000.05.31"]
[SourceQuality "1"]
[WhiteTeam "Passau"]
[BlackTeam "Delmenhorst"]
[WhiteTeamCountry "GER"]
[BlackTeamCountry "GER"]

1. d4 Nf6 2. c4 e6 3. Nf3 b6 4. a3 Ba6 5. Qc2 Bb7 6. Nc3 c5 7. e4 cxd4 8. Nxd4
Bc5 9. Nb3 Nc6 10. Bg5 h6 11. Bh4 Nd4 12. Nxd4 Bxd4 13. Bd3 Qb8 14. Bg3 Be5 15.
O-O-O O-O 16. Kb1 Rc8 (16... a6 17. Rhe1 Rc8 18. Qd2 (18. Bxe5 Qxe5 19. Qd2 d6
20. g4 b5 21. f4 Qc5 22. g5 hxg5 23. fxg5 {1/2-1/2 Batyrow,S-Lindberg,B/
Hamburg/1999/ (59)}) 18... b5 19. Bxe5 Qxe5 20. f4 Qb8 21. e5 bxc4 22. exf6
cxd3 23. fxg7 Kxg7 24. f5 exf5 25. Qxd3 Qf4 {1/2-1/2 Cramling,P-Vehi Bach,V/
Barcelona/1991/ (43)}) 17. Rhe1 (17. Qe2 d6 (17... a6 18. Rhf1 d6 19. Bxe5 dxe5
20. f4 Rd8 21. f5 Rd4 22. fxe6 fxe6 23. Bc2 Nd7 24. Qe3 Qd6 25. Ne2 Rxd1+ 26.
Rxd1 Qc7 {1/2-1/2 Bagaturov,G-Gruenfeld,Y/Athens/1997/ (58)}) 18. Bxe5 dxe5 19.
g4 Nh7 20. h4 f6 21. Bc2 Ba6 22. Nb5 Bxb5 23. cxb5 Qc7 24. Bb3 Qe7 {1/2-1/2
Begovac,F-Dizdarevic,E/Pula/1993/ (33)}) 17... d6 (17... Ba6 18. Qa4 Bb7 19.
Qc2 Ba6 20. Qa4 Bb7 21. Qc2 {1/2-1/2 Razuvaev,Y-Cramling,P/Valby 1991/ (21)})
18. f4 {A risky step in a position,where white king on the queenside is more
vulnerable to attack than his counterpart safely hidden in the opposite corner.
} (18. f3 Nd7 19. Bf1 Ba6 20. f4 Bxc3 21. Qxc3 Bxc4 22. Bxc4 b5 23. f5 Rxc4 24.
Bxd6 Qb7 25. Qf3 Nf6 {1/2-1/2 Cramling,P-Farago,I/Genua/1989/ (58)}) 18... Bxc3
19. Qxc3 b5 20. e5 (20. Bh4 Ne8 21. Qb3 bxc4 22. Bxc4 Qc7 23. Bd3 Rab8 24. Rc1
Bc6 {0-1 Gurevich,M-Vaganian,R/Moscow/1988/ (44)}) 20... Nd5 (20... bxc4 21.
exf6 cxd3 22. Qxd3 gxf6 23. f5 $1 e5 24. Bh4 Rc6 25. Bxf6 Qf8 26. Re4 $40) 21.
Qd4 bxc4 22. Bxc4 dxe5 23. Rxe5 (23. fxe5 Nb6 24. Bf1 Bd5 $17) 23... Rd8 24. f5
(24. Bd3 Nf6 25. Qg1 Bd5 $15) 24... Nb6 {Brenninkmeijer was a bit scared to
enter the colourful line with 24..Nc3!?, but his decision is still sound.} (
24... Nc3+ $5 25. Qxc3 Rxd1+ 26. Ka2 Qe8 (26... Qd8 27. fxe6 fxe6 28. Rxe6 Bd5
29. Rd6 Qg5 30. Bxd5+ Rxd5 31. Qc4 Rd8 32. h4 $18) 27. fxe6 f6 28. e7+ Kh8 29.
Re2 Rd7 $17) 25. Rd5 Bxd5 26. Bxb8 Nxc4 (26... Raxb8 27. Bxd5 Rxd5 28. Qg1 Rxf5
29. b4 $14) 27. Bc7 (27. Bg3 $2 e5 28. Qd3 Rab8 29. b4 a5 $19) 27... Rd7 (27...
Be4+ $5 28. Qxe4 Rxd1+ 29. Ka2 $1 (29. Kc2 Rd2+ 30. Kc3 Rc8 31. fxe6 Rxc7 32.
exf7+ Rxf7 33. Qa8+ Rf8 34. Qxa7 Rxg2 $11) 29... Rc8 30. Qb7 Rf8 31. Kb3 Rc1
32. fxe6 fxe6 33. Qxa7 $16) 28. fxe6 (28. Bg3 Rad8 29. Qh4 Be4+ 30. Qxe4 Rxd1+
31. Ka2 Nd6 $17) 28... Bxe6 $2 {[%mdl 4096] The ensuing endgame will be very
unpleasant for black, white bishop is phenomenal in the fight with
assymetrical pawn chains.} (28... fxe6 $1 29. Qxc4 (29. Bg3 Rb7 30. Ka1 Rxb2
31. Qc5 Rf8 $17) 29... Bxc4 30. Rxd7 Bb5 31. Re7 Re8 $11) 29. Qxd7 Bxd7 30.
Rxd7 $14 Re8 31. Rd4 Ne3 (31... Nb6 32. a4 $14) 32. g4 (32. Ra4 Ra8 33. Bb6
Nxg2 34. Rxa7 Rxa7 35. Bxa7 Kf8 36. b4 Ke7 37. a4 $16) 32... Rc8 (32... Re6 $5
33. b4 f5 $14) 33. Bg3 Rc6 (33... Rc4 $5 34. Rd7 a5 35. h3 $14) 34. Bf2 $1 Nf1
(34... Re6 35. Ra4 $16) 35. Bg1 Re6 (35... a6 36. Rd1 Rf6 37. Kc2 $16) 36. Rd1
Ne3 (36... Rf6 37. b4 $16) 37. Bxe3 {Giving up the pride for the excellent
chances in rook endgame.} Rxe3 38. Rd8+ Kh7 39. Rd7 h5 (39... a6 40. Rxf7 Rh3
41. Ra7 Rxh2 42. Rxa6 $18) (39... Kg6 40. Rxa7 Rh3 41. b4 Rxh2 42. b5 Re2 43.
b6 Re6 44. Ra6 Kg5 45. b7 $18) 40. gxh5 f5 41. Rxa7 Rh3 (41... f4 42. Rf7 f3
43. Kc2 $18) 42. Ra5 Rxh5 43. h4 Rxh4 (43... Kg6 44. Ra4 Kf6 45. Kc2 $16) 44.
Rxf5 Kh6 45. b4 g5 46. Kb2 g4 47. Kb3 $1 (47. Rf2 $2 g3 48. Rg2 Rh2 $19) 47...
g3 48. Rf1 g2 49. Rg1 Rg4 50. a4 Kg6 51. a5 Kf6 52. a6 Rg8 53. b5 Ke6 54. a7 (
54. a7 Kd6 55. Rxg2 Ra8 56. Rg7 Kc5 57. Rb7 $18) 1-0

[Event "Beersheba"]
[Site "Beersheba"]
[Date "1996.??.??"]
[Round "8"]
[White "Finkel, Alexander"]
[Black "Mikhalevski, Victor"]
[Result "0-1"]
[WhiteElo "2500"]
[BlackElo "2495"]
[Annotator "Ftacnik,L"]
[PlyCount "74"]
[EventDate "1996.03.??"]
[EventType "tourn"]
[EventRounds "11"]
[EventCountry "ISR"]
[EventCategory "10"]
[SourceTitle "CBM 053"]
[Source "ChessBase"]
[SourceDate "1996.08.01"]
[SourceVersion "1"]
[SourceVersionDate "1996.08.01"]
[SourceQuality "1"]

1. Nf3 d5 2. d4 Nf6 3. c4 e6 4. Nc3 Be7 5. Bg5 O-O 6. e3 b6 7. Bd3 Bb7 8. cxd5
exd5 9. Bxf6 (9. Ne5 Nbd7 10. Nxd7 Qxd7 11. O-O h6 12. Bh4 Rac8 13. Qc2 Ne4 14.
Bxe7 Qxe7 15. Nxe4 dxe4 16. Bc4 c5 17. d5 Rfd8 18. Rad1 Rd6 19. Rd2 Rcd8 20.
Rfd1 Qe5 21. Qb3 {1/2-1/2 Grachul,H-Fels,K/WchS-Bad Woerishofen (07)/1992 (27)}
) (9. Qc2 h6 10. h4 c5 11. O-O-O Nc6 12. Bxf6 Bxf6 13. Kb1 Bc8 14. a3 Be6 15.
Bh7+ Kh8 16. Bf5 cxd4 17. exd4 Rc8 18. Bxe6 fxe6 19. Qg6 Qe8 20. Qg4 Na5 21.
Rd3 Rc6 22. Re1 {1-0 Kotov,A-Gerstenfeld,E/URS-ch12 Moscow/1940/ (35)}) 9...
Bxf6 10. Qc2 (10. b4 c6 11. Qb3 Re8 12. O-O Be7 {1/2-1/2 Zakharstov,V-Guliev,S/
Azov (12)/1995/}) (10. O-O g6 11. Rc1 Nd7 12. Qb3 c6 13. Rfe1 Bg7 14. a4 Rc8
15. Qa2 f5 16. b4 Qe7 17. b5 Nf6 18. bxc6 Bxc6 19. Ba6 Bb7 20. Bxb7 Qxb7 21.
Ne5 {Skembris,S-Horn,Pa/Geneve YM/1989/1/2-1/2 (58)}) 10... g6 11. O-O-O c5 12.
dxc5 Nd7 13. c6 (13. cxb6 $5 Qxb6 (13... axb6 14. h4) 14. h4 Rac8 $132) 13...
Bxc6 14. Nd4 Bxd4 15. exd4 b5 (15... Qg5+ 16. Kb1 Qxg2 17. h4 $36) 16. Kb1 (16.
Bxb5 Bxb5 17. Nxb5 Rc8 18. Nc3 Qg5+ 19. Kb1 Qxg2 $15) 16... Nb6 17. Nxb5 (17.
Bxb5 Bxb5 18. Nxb5 Rb8 19. Nxa7 $6 Nc4 20. Nc6 Na3+ 21. Kc1 Qg5+ 22. Qd2 Rxb2
$3 23. Kxb2 Nc4+ $19) 17... Rc8 18. Nc3 (18. Nxa7 Ba4 19. Qd2 Ra8 20. Nb5 Qd7
$15) 18... Ba4 19. b3 Bd7 20. Qd2 (20. h4 Qf6 {xd4}) 20... Qf6 21. Ne2 (21. Bc2
Bf5 22. Bxf5 Qxf5+ 23. Ka1) 21... Qxf2 22. Rdf1 Qxg2 (22... Qh4 23. g3 Qe7 24.
h4) 23. Rhg1 Qh3 (23... Qxh2 $2 24. Rh1 Qd6 25. Qh6 $18) 24. Nf4 Qh4 25. Rf3 (
25. Qa5 $5 Rb8 26. Qxa7 Qxh2 $15) 25... Rce8 26. Rfg3 Kh8 27. Rg5 Rg8 28. Kb2 (
28. Nxd5 Qxd4 $17) (28. Bc2 f6 $17) 28... h6 29. Rh5 $2 (29. R5g2 Rb8 $17)
29... gxh5 30. Ng6+ Rxg6 (30... fxg6 $4 31. Qxh6#) 31. Bxg6 (31. Rxg6 Qxd4+ 32.
Kb1 fxg6 33. Qxh6+ Kg8 $19) 31... Re2 $1 32. Qxe2 Qxd4+ 33. Kc2 Qxg1 34. Qe5+ (
34. Bxf7 Bf5+ $19) 34... Kg8 35. Bd3 Qf2+ 36. Kb1 Qg1+ 37. Kb2 Qg7 0-1

[Event "Olympiad-36"]
[Site "Mallorca"]
[Date "2004.10.17"]
[Round "3"]
[White "Jobava, Baadur"]
[Black "Zhang, Zhong"]
[Result "1-0"]
[WhiteElo "2614"]
[BlackElo "2596"]
[Annotator "Ftacnik,L"]
[PlyCount "79"]
[EventDate "2004.10.15"]
[EventType "team-swiss"]
[EventRounds "14"]
[EventCountry "ESP"]
[SourceTitle "CBM 104"]
[Source "ChessBase"]
[SourceDate "2005.01.27"]
[SourceVersion "1"]
[SourceVersionDate "2005.01.27"]
[SourceQuality "1"]
[WhiteTeam "Georgia"]
[BlackTeam "China"]
[WhiteTeamCountry "GEO"]
[BlackTeamCountry "CHN"]

1. d4 Nf6 2. c4 e6 3. Nf3 b6 4. Bg5 Bb7 5. Nc3 Bb4 6. Nd2 c5 7. d5 $5 {Very
interesting pawn sacrifice that significantly slows down Black's development.}
h6 8. Bh4 exd5 9. cxd5 Qe7 10. Qc2 O-O 11. O-O-O Bxc3 12. bxc3 Bxd5 13. e4 Bc6
(13... Bxe4 14. Bxf6 Bxc2 15. Bxe7 Bxd1 16. Bxf8 $18) 14. f4 d6 (14... Qe6 15.
Bd3 d5 16. e5 Nh5 17. Rhf1 $40) 15. Re1 g5 16. fxg5 Nh7 17. e5 {[%mdl 4] The
first independent move, White is in attacking mode. Zhang Zhong has already
exposed his kingside, so opening the position for White's bishops pair is very
sound idea.} (17. Bg3 Nxg5 18. h4 Ne6 19. Nc4 Rd8 20. Ne3 Ng7 21. Bc4 {1-0
Milov,V-Parligras,M/Antalya 2004/ (26)}) 17... Nxg5 (17... dxe5 $2 18. Qxh7+ $1
Kxh7 19. g6+ $18) 18. exd6 Qf6 (18... Qxd6 19. Bc4 Qf6 20. Rhf1 $16) 19. Bc4 b5
20. Rhf1 Qg7 21. Bxg5 hxg5 (21... bxc4 22. Be7 Nd7 23. Re3 $18) 22. Bd3 Nd7 (
22... b4 23. Re7 Nd7 24. cxb4 cxb4 25. Kb1 $16) 23. Re7 Rae8 24. Be4 {Black
has managed to complete his development, but in the meantime White is winning
due to Black's undefensible kingside weaknesses.} (24. Rfxf7 Qxf7 25. Bh7+ Kh8
26. Rxf7 Rxf7 27. Be4 Bxe4 28. Nxe4 Rf1+ 29. Kb2 Nb6 30. Qe2 $18) 24... Bxe4 (
24... Nb8 25. Bxc6 Nxc6 26. Rfxf7 Qxf7 27. Rxf7 Re1+ 28. Kb2 Rxf7 29. Nf3 $18)
25. Nxe4 Qg6 (25... Rxe7 26. dxe7 Re8 27. Nd6 Rxe7 28. Nf5 Qf6 29. Nxe7+ Qxe7
30. Rf5 $16) 26. Qd2 b4 (26... g4 27. Qd5 a6 28. Rf4 $18) 27. Qxg5 (27. Qd5
bxc3 28. Re1 Rd8 29. Qxg5 Qxg5+ 30. Nxg5 Nb6 31. Rxa7 Rxd6 32. Rf1 $16) 27...
Rxe7 28. dxe7 Qxg5+ (28... Re8 29. Qh4 f5 (29... Qxg2 30. Qe1 Qh3 31. Rg1+ Kh8
32. Ng5 Qh5 33. cxb4 $18) 30. Rf3 fxe4 31. Rg3 $18) 29. Nxg5 Re8 30. Rxf7 a5 (
30... Ne5 31. Rf8+ Rxf8 32. exf8=Q+ Kxf8 33. Ne6+ Kg8 34. Kd2 $18) 31. h4 $1 {
The advance of the h pawn becomes a proverbial straw, that will finally break
Black's neck.} c4 (31... Ne5 32. Rf8+ Rxf8 33. exf8=Q+ Kxf8 34. Ne6+ Kf7 35.
Nxc5 $18) 32. h5 Ne5 33. Rh7 Nc6 34. Rh6 Nxe7 (34... Ne5 35. Re6 Nd3+ 36. Kd2
Nf4 37. Re5 Nxg2 (37... Nxh5 38. Ne4 $18) 38. h6 Nf4 39. h7+ Kg7 40. h8=Q+ Kxh8
41. Nf7+ Kg7 42. Nd6 $18) 35. Re6 b3 (35... Kf8 36. h6 $18) 36. axb3 cxb3 37.
h6 a4 38. Kb2 Kf8 39. Rf6+ Kg8 40. Rf7 (40. Rf7 Nd5 41. Rg7+ Kf8 42. Nh7#) 1-0

[Event "Moscow Aeroflot op"]
[Site "Moscow"]
[Date "2002.02.05"]
[Round "1"]
[White "Dreev, Alexey"]
[Black "Yemelin, Vasily"]
[Result "0-1"]
[WhiteElo "2683"]
[BlackElo "2522"]
[Annotator "Ftacnik,L"]
[PlyCount "103"]
[EventDate "2002.02.04"]
[EventType "swiss"]
[EventRounds "9"]
[EventCountry "RUS"]
[SourceTitle "CBM 088"]
[Source "ChessBase"]
[SourceDate "2002.03.21"]
[SourceVersion "1"]
[SourceVersionDate "2002.03.21"]
[SourceQuality "1"]

1. d4 Nf6 2. c4 e6 3. Nf3 b6 4. a3 c5 5. d5 Ba6 6. Qc2 exd5 7. cxd5 g6 8. Bf4
d6 9. Nc3 Bg7 10. Qa4+ Qd7 11. Bxd6 Qxa4 12. Nxa4 Nxd5 13. O-O-O Ne7 14. e4
Bxf1 15. Rhxf1 Nbc6 16. Nc3 (16. e5 Nf5 17. Nc3 O-O-O 18. Ne4 h5 19. Rfe1 Rhe8
20. g3 Kb7 {0-1 Darga,K-Ligterink,G/Graz 1979/ (45)}) 16... Bxc3 (16... Rd8 17.
Nb5 Rd7 18. Bf4 Nc8 (18... Rxd1+ 19. Rxd1 O-O 20. Rd7 Ra8 21. Bd6 {1-0
Kasparov,G-Gligoric,S/Bugojno 1982/ (42)}) 19. Nc7+ Kd8 20. Rxd7+ Kxd7 21. Rd1+
Ke7 22. Nd5+ Kf8 23. e5 {1/2-1/2 Ostermeyer,P-Karlsson,L/Dortmund 1982/ (40)})
17. bxc3 Rd8 (17... O-O-O 18. Ng5 Rdf8 19. e5 f6 20. exf6 {1/2-1/2 Soln,
P-Psakhis,L/Dresden 1998/ (20)}) (17... f6 18. e5 Nxe5 19. Rfe1 O-O-O 20. Nxe5
fxe5 21. Bxe5 {1/2-1/2 Granero Roca,A-Franco Ocampos,Z/Cala Galdana 1999/ (21)}
) 18. Bc7 Rxd1+ (18... Rd7 19. Bf4 f6 20. Rxd7 Kxd7 21. Rd1+ Kc8 22. Rd6 Rf8
23. h4 Na5 {0-1 Browne,W-Timman,J/Las Palmas 1982/ (45)}) 19. Rxd1 f6 20. e5 (
20. Kc2 Kf7 21. Rd7 Ke6 22. Rd6+ Kf7 $11) 20... fxe5 21. Nxe5 (21. Bxe5 Nxe5
22. Nxe5 Rf8 23. f3 Rf6 $11) 21... Rf8 {[%mdl 4096] Black is safely holding
the position, white bishop is partly compensated by the weak pawns on the
queenside.} 22. Nf3 (22. f3 Nxe5 23. Bxe5 Nf5 $11) 22... Rf6 23. Bg3 (23. Kc2
h6 $11) 23... Nf5 24. Bf4 h6 25. Bd2 (25. h4 Nxh4 26. Re1+ Kf7 27. Bxh6 Nxf3
28. gxf3 Rxf3 29. Be3 Ne5 $17) 25... g5 $1 26. h3 (26. Re1+ Kd7 27. Rd1 Ke6)
26... Nd6 27. Kc2 Nc4 28. Re1+ Kd7 29. Bc1 (29. Rd1 Kc7 30. a4 $1 a6 31. Re1
$15) 29... b5 {Yemelin is making progress and white will have to resist in a
good way.} 30. Rd1+ (30. Kb3 Re6 31. Rxe6 Kxe6 $15) 30... Kc7 31. Re1 (31. Rd5
$5 a6 32. Kd3 (32. Rxc5 $2 Kd6 $19) 32... Rd6 (32... Kb6 33. a4 Ne7 34. Rd8 Kc7
$15) 33. Rxd6 Kxd6 34. h4 gxh4 35. Ke4 Ke6 36. Bxh6 Nxa3 37. Nxh4 Nb1 $15)
31... a5 32. Re4 $1 (32. a4 b4 33. Be3 Nxe3+ 34. Rxe3 Rf4 $15) 32... Nd6 33.
Re2 Nc4 34. h4 $2 {Unfortunate decision is not solving the problems, as f2
pawn will remain backward.} (34. Re4 a4 35. h4 $1 $11) 34... g4 $1 35. Nh2 (35.
Nd2 Nxd2 36. Bxd2 Kd6 $15) 35... N6e5 (35... h5 $2 36. Nf1 Rf7 37. Ng3 N6e5 38.
Nxh5 Rh7 $2 39. Ng3 Rxh4 40. Bf4 $18) 36. Nf1 (36. f3 gxf3 37. Nxf3 Nxf3 38.
gxf3 Rxf3 39. Re7+ Kd6 40. Rh7 Rf2+ 41. Kd1 Rf6 $17 (41... Kd5 $6 42. Rxh6 Ke4
43. Rg6 $11)) 36... Kc6 37. Ng3 a4 $1 {xa3} 38. Nh5 Rd6 39. Nf4 Ng6 40. Nxg6 (
40. g3 $2 Nxf4 41. gxf4 h5 $17) 40... Rxg6 41. h5 (41. f4 gxf3 42. gxf3 Kd5 43.
Re8 Rg2+ 44. Kd1 Nb2+ $1 45. Bxb2 Rxb2 $17) 41... Rf6 42. Kd1 Kd5 43. Kc2 Rf5
$1 {Black is winning positionally and now even gaining some material.} 44. g3 (
44. Bxh6 Nxa3+ $1 45. Kd3 Nc4 46. Bc1 Rxh5 $19) 44... Rxh5 45. Re8 Rf5 46. Re2
Re5 47. Rxe5+ (47. Kd3 h5 $19) 47... Kxe5 48. Kd3 (48. Bxh6 Nxa3+ $19) 48... h5
49. Bf4+ Ke6 50. Ke4 Nxa3 51. Be3 Kd6 52. Bh6 0-1

[Event "Moscow Aeroflot op"]
[Site "Moscow"]
[Date "2002.02.07"]
[Round "5"]
[White "Lerner, Konstantin Z"]
[Black "Kalinin, Alexander"]
[Result "1-0"]
[WhiteElo "2569"]
[BlackElo "2512"]
[Annotator "Ftacnik,L"]
[PlyCount "89"]
[EventDate "2002.02.04"]
[EventType "swiss"]
[EventRounds "9"]
[EventCountry "RUS"]
[SourceTitle "CBM 088"]
[Source "ChessBase"]
[SourceDate "2002.03.21"]
[SourceVersion "1"]
[SourceVersionDate "2002.03.21"]
[SourceQuality "1"]

1. d4 Nf6 2. c4 e6 3. Nf3 b6 4. Nc3 Bb7 5. a3 d5 6. cxd5 Nxd5 7. Qc2 Be7 8. e4
Nxc3 9. bxc3 O-O 10. Bd3 c5 11. O-O Qc8 12. Qa2 a5 $6 {This new move deserves
little praise, since black will have additional problems with the backward b6
pawn.} (12... Rd8 13. Bf4 (13. Rd1 Ba6 14. Bxa6 Nxa6 15. Qe2 (15. Bf4 cxd4 16.
cxd4 Qb7 17. Qe2 Rac8 18. Rd3 Nc7 19. Ne5 f6 20. Ng4 Kh8 21. Re1 Qa6 22. Qd1
Bxa3 23. Rh3 Bf8 24. Ne5 fxe5 25. Qh5 {1-0 Gershon,A-Hoeksema,H/Dieren 1999/ 
(28)}) 15... cxd4 (15... Qb7 16. Bf4 cxd4 17. cxd4 Rac8 18. Rd3 Nc7 19. Ne5 Ne8
20. Qh5 Bd6 21. Rg3 f6 22. Rh3 g5 23. Bxg5 Bxe5 24. dxe5 fxg5 25. Qxg5+ Kh8 26.
Qh6 Qe7 {0-1 Gershon,A-Gurevich,M/Antwerp 1999/ (33)}) 16. cxd4 Qb7 17. Bb2 Bf6
18. h4 Nc7 19. h5 h6 20. Nh2 Ne8 21. Rd3 Rac8 22. Ng4 Bg5 23. Rf1 f5 24. exf5
exf5 25. Ne3 Qe4 26. Qd1 {1/2-1/2 Lautier,J-Leko,P/Cannes 2002/ (50)}) 13...
Ba6 14. Rad1 Bxd3 15. Rxd3 Nd7 16. Rfd1 Nf6 17. Bg5 h6 18. Bh4 cxd4 19. cxd4
Qb7 20. Bxf6 Bxf6 21. d5 exd5 22. exd5 Rd7 23. h3 Re8 {1/2-1/2 Kasimdzhanov,
R-Gelfand,B/Wijk aan Zee 2002/ (26)}) (12... cxd4 13. cxd4 Ba6 14. Bxa6 Nxa6
15. Rd1 Qb7 16. Qe2 Rac8 (16... Rfe8 17. Bb2 Rac8 18. h4 Nb8 19. Rd3 Nd7 20.
Re1 Nf6 21. Ne5 Nd7 22. d5 exd5 23. Nxd7 Qxd7 24. Rxd5 Qe6 {1/2-1/2
Solozhenkin,E-Biriukov,O/St Petersburg 1998/ (39)}) 17. Bb2 Bf6 (17... Rfd8 18.
h4 Nc7 19. Rd3 Ne8 20. Rad1 Qa6 21. Ng5 Nf6 22. d5 Qa4 23. d6 Bf8 24. e5 Qg4
25. Rf3 Qxh4 26. Rg3 Nd5 27. Rg4 Qh5 28. Nxe6 $1 {1-0 Sakaev,K-Shipov,S/St
Petersburg 1997/ (28)}) 18. h4 Nb8 19. h5 Qa6 20. Rd3 Qa5 21. Ne1 Nc6 22. Rad1
Qb5 23. h6 g6 24. Nf3 Na5 25. e5 Be7 26. d5 exd5 27. e6 {1-0 Goldin,A-Almasi,Z/
Niksic 1997/ (38)}) (12... Nc6 13. Bf4 Na5 14. Qe2 Rd8 15. Rad1 Bf8 16. h3 h6
17. a4 Qd7 18. Bb5 Qe7 19. Bg3 a6 20. Bd3 cxd4 21. cxd4 {1-0 Khalifman,
A-Sokolov,A/Ulcinj 1998/ (57)}) (12... Nd7 13. Qe2 a5 (13... Qc7 14. a4 Rfe8
15. Rd1 h6 16. Bc2 Rac8 17. d5 exd5 18. exd5 Bf6 19. Qd3 Nf8 20. Qc4 Rcd8 21.
a5 Qd6 22. Bb3 {1-0 Kazhgaleyev,M-Gomez Esteban,J/Istanbul 2000/ (61)}) (13...
c4 14. Bc2 Re8 15. Bf4 b5 16. h4 f6 17. h5 Qc6 18. a4 a6 19. Rab1 e5 20. dxe5
Bc5 21. axb5 axb5 22. exf6 Nxf6 23. Ne5 Qa6 24. Rfd1 Re7 25. h6 g5 26. Bg3 Rae8
{1/2-1/2 Avrukh,B-Roeder,M/Linares 2001/ (50)}) 14. e5 (14. Bf4 Ba6 15. Rfb1
Bxd3 16. Qxd3 Qa6 17. Rb5 Rac8 18. a4 Rfd8 19. Ne5 cxd4 20. cxd4 Nc5 21. Qb1
Rxd4 22. Rxb6 Rd1+ 23. Qxd1 Qxb6 {1/2-1/2 Gelfand,B-Kortschnoj,V/Lvov 2000/ 
(28)}) (14. a4 Ba6 15. Rb1 Bxd3 16. Qxd3 Qa6 17. Rb5 Rfd8 18. d5 exd5 19. exd5
Nf6 20. c4 Ne8 21. Re1 Bf6 22. Bf4 Nd6 23. Bxd6 Rxd6 24. Nd2 Rd7 25. Ne4 Be7
26. Qb3 Rb7 27. d6 {1-0 Komarov,D-Caoili,A/Bratto 2001/ (27)}) 14... Rd8 15.
Rb1 cxd4 16. cxd4 Ba6 17. h4 h6 18. a4 Bb4 19. Be3 Bxd3 20. Qxd3 Qb7 21. Qb5
Nf8 22. Rfc1 Ng6 23. Rc6 {1/2-1/2 Khalifman,A-Ivanchuk,V/Elista 1998/ (23)}) (
12... Ba6 13. Bxa6 Nxa6 14. Bf4 (14. Rd1 cxd4 15. cxd4 Qb7 16. Qe2 Rfd8 17. h4
Rac8 18. h5 h6 19. Rd3 Nb8 20. Bf4 Nd7 21. e5 b5 22. g4 Qd5 23. Rad1 Nf8 24. g5
{1-0 Sakaev,K-Kaiumov,D/Dubai 1999/ (39)}) 14... cxd4 15. cxd4 Qb7 16. Qe2 Rac8
17. Rfd1 Rfe8 18. Rd3 Nb8 19. Ne5 Nd7 20. Nxd7 Qxd7 21. Rad1 Bf8 22. h4 Qb5 {
1/2-1/2 Gelfand,B-Lautier,J/Monte Carlo 1999/ (52)}) (12... Qc7 13. d5 exd5 14.
exd5 Nd7 15. c4 Bf6 16. Bb2 Rfe8 17. Rae1 Rad8 18. Qb1 Bxb2 19. Qxb2 Nf6 20. a4
Rxe1 21. Rxe1 {1/2-1/2 Banikas,H-Psakhis,L/Istanbul 2000/ (33)}) 13. Rb1 $1 Ba6
(13... cxd4 14. cxd4 Nd7 15. Bf4 $14) 14. Bxa6 Qxa6 15. d5 $1 exd5 (15... b5
16. Rd1 exd5 17. exd5 b4 18. Bf4 $14) 16. exd5 c4 (16... b5 17. Qe2 Bf6 18.
Qxb5 $16) 17. Nd4 Nd7 18. Nb5 $1 {[%mdl 32] The triumph of white's strategy,
knight from b5 can support the march of white's powerful "d" pawn.} Rac8 19.
Bf4 Rc5 20. a4 (20. Qe2 $5 Nf6 (20... Bf6 21. Bd6 Rxb5 22. Qxc4 $18) 21. Nc7
Rxc7 22. Bxc7 Nxd5 23. Rfd1 Qb7 24. Be5 $18) 20... Qb7 21. Rfe1 Nf6 (21... Bh4
22. Bd6 $18) 22. d6 Bd8 23. Be3 Rc8 (23... Rc6 24. Rbd1 $16) 24. Rbd1 Nd7 25.
Bd4 Nf6 26. Re5 (26. d7 $5 Nxd7 27. Nd6 Qc6 28. Nxc8 Qxc8 29. Qb1 $16) 26...
Ng4 27. Re2 Qd7 28. Qc2 Rc6 (28... f5 29. f3 Nf6 30. Re5 Ne8 31. Qd2 Rc6 32.
Be3 $16) 29. Qe4 Nf6 30. Qf3 Rxd6 {Kalinin is trying to avoid suffocation, d6
pawn was limiting all his pieces.} (30... Re8 31. Bxf6 Rxe2 (31... Bxf6 32.
Rxe8+ Qxe8 33. d7 $18) 32. Bxd8 $18) (30... Rc8 31. Rde1 $16) 31. Nxd6 Qxd6 32.
Rb1 Nd5 (32... Bc7 33. g3 Nd5 34. Bxg7 $1 Kxg7 35. Rd1 $18) 33. Rb5 (33. Be5
Qg6 34. Rd1 Ne7 35. Bd6 $18) 33... Nf4 34. Re1 Ne6 (34... Nd3 35. Qg4 g6 36.
Re3 Qa3 37. Qd1 $16) 35. Qd5 $1 {Lerner needs to improve his pieces and black
can not hold weaknesses.} Qf4 (35... Qb8 36. Qxc4 $18) (35... Qxd5 36. Rxd5 Bc7
37. Re4 $18) 36. Be5 Qh4 37. Bg3 Qh6 (37... Qg4 38. h3 Qg6 39. Qxc4 $18) 38.
Qxc4 Qd2 (38... Nc5 39. Rd1 Re8 40. Bd6 $18) 39. Rbb1 Bf6 40. Red1 (40. Be5
Bxe5 41. Rxe5 Nc5 42. Re3 $18) 40... Qc2 (40... Qxc3 41. Qxc3 Bxc3 42. Rxb6 Nc5
43. Bd6 Rd8 44. Rdb1 $1 $18) 41. Qb3 Qxb3 42. Rxb3 Nc5 43. Ra3 (43. Rxb6 Nxa4
44. Ra6 $16) 43... Re8 44. Kf1 (44. Bc7 Ne4 45. Re1 Re6 46. Rb3 Bxc3 47. Rd1
$18) 44... Ne4 (44... Re4 45. Re1 $18) 45. c4 (45. c4 Rc8 46. Re3 Rxc4 47. Bc7
h5 (47... Rxc7 48. Rxe4 $16) 48. Bxb6 Rxa4 49. Bxa5 Nxf2 50. Rd5 Ne4 51. Rxh5
$16) 1-0